000 00629nam a22002057a 4500
003 0
005 20250919120557.0
008 250919b xxu||||| |||| 00| 0 eng d
020 _a979-8-89161-623-3
050 _aQA 76.9.A25
_b.C66 2025
100 _aCook, Jeffrey,
_eauthor.
245 _aCryptography /
_cJeffrey Cook.
260 _aJersey City, USA :
_bAlexis Press,
_c2025.
300 _ax, 285 pages :
_billustrations ;
_c27 cm.
504 _aIncludes bibliographical references and index.
650 _aCryptography.
650 _aData encryption (Computer science).
650 _aComputer security.
942 _2lcc
_cBK
999 _c368038
_d368038